MARC

LEADER 00000nam0a2200000 4500
001 27843
005 20231030202344.0
010 |a 5891234505 
035 |a (RuTPU)RU\TPU\book\28098 
035 |a BOOK00028173 
090 |a 27843 
100 |a 20011209d2000 k y0rusy50 ca 
101 0 |a rus 
102 |a RU 
105 |a y fg 000zy 
200 1 |a Правовые системы стран мира  |e Энциклопедический справочник  |f Под ред. А. Я. Сухарева 
210 |a Москва  |c Норма  |d 2000 
215 |a 840 с. 
610 1 |a право 
610 1 |a правовые системы 
610 1 |a страны мира 
610 1 |a конституционный строй 
610 1 |a судебные системы 
610 1 |a основные законодательные акты 
610 1 |a гражданское право 
610 1 |a уголовное право 
610 1 |a зарубежные государства 
610 1 |a социальное обеспечение 
610 1 |a энциклопедические справочники 
686 |a Х0я2  |v LBC/SL-A  |2 rubbk 
702 1 |a Сухарев  |b А. Я  |g Александр Яковлевич  |4 340 
801 0 |a RU  |b 63413507  |c 20011209  |g PSBO 
801 2 |a RU  |b 63413507  |c 20190522  |g PSBO 
942 |c BK